| 000 -LEADER |
| fixed length control field |
00648nam a2200205Ia 4500 |
| 001 - CONTROL NUMBER |
| control field |
2993 |
| 003 - CONTROL NUMBER IDENTIFIER |
| control field |
GE_BSU |
| 008 - FIXED-LENGTH DATA ELEMENTS--GENERAL INFORMATION |
| fixed length control field |
181216s||||||||xx |||||||||||||| ||und|| |
| 040 ## - CATALOGING SOURCE |
| Transcribing agency |
GE_BSU |
| 080 ## - UNIVERSAL DECIMAL CLASSIFICATION NUMBER |
| Universal Decimal Classification number |
665.6/7 |
| 100 ## - MAIN ENTRY--PERSONAL NAME |
| Personal name |
Иванова,Л.В. Корнеев,М.И. Юзбашев,В.Н. |
| 245 ## - TITLE STATEMENT |
| Title |
Технология переработки нефти и газа. |
| 245 ## - TITLE STATEMENT |
| Statement of responsibility, etc. |
Ред.М.М.Кацнельсон и Н.В.Гаровникова. |
| 260 ## - PUBLICATION, DISTRIBUTION, ETC. |
| Place of publication, distribution, etc. |
М. |
| 260 ## - PUBLICATION, DISTRIBUTION, ETC. |
| Name of publisher, distributor, etc. |
Химия. |
| 260 ## - PUBLICATION, DISTRIBUTION, ETC. |
| Date of publication, distribution, etc. |
1966. |
| 300 ## - PHYSICAL DESCRIPTION |
| Extent |
420 стр.22см. |
| 653 ## - INDEX TERM--UNCONTROLLED |
| Uncontrolled term |
Технология переработки нефти и газа. |
| 942 ## - ADDED ENTRY ELEMENTS (KOHA) |
| Koha item type |
წიგნი |